Annuaire de L'U.R.S.S : Droit - Economie- Sociologie- Politique- Culture

Gardado en:
Detalles Bibliográficos
Formato: Libro
Idioma:Undetermined
Publicado: Paris Centre National de la Recherche Scientifique 1968
Những chủ đề:
Các nhãn: Engadir etiqueta
Sen Etiquetas, Sexa o primeiro en etiquetar este rexistro!
Thư viện lưu trữ: Trung tâm Học liệu Trường Đại học Cần Thơ
LEADER 00505nam a2200181Ia 4500
001 CTU_109988
008 210402s9999 xx 000 0 und d
082 |a 944 
082 |b M932 
245 0 |a Annuaire de L'U.R.S.S : 
245 0 |b Droit - Economie- Sociologie- Politique- Culture 
260 |a Paris 
260 |b Centre National de la Recherche Scientifique 
260 |c 1968 
650 |a French 
650 |x History 
904 |i M.Loan 
980 |a Trung tâm Học liệu Trường Đại học Cần Thơ